00346pab a2200145 454500008004000000100001600040245004800056260000900104300001300113362000800126650001600134650001600150700001800166773001600184180718b2012 xxu||||| |||| 00| 0 eng d aSingh, Y.V. aHarmonize organic farming and food security c2012 ap.29-34. aMar aAgriculture aFood supply aDabas, J.P.S. aKurukshetra